• 首页
  • 本馆介绍
  • 公告通知
  • 最新文献
  • 馆藏检索
  • 电子资源
  • 读者导购
  • 参考咨询
  • 我的图书馆
  • 登录
  • 详细信息显示
  • 放入我的书架
  • 预约/预借图书
  • 作者相关作品
  • 分类相关作品
  • 丛书相关作品
  • 出版社相关作品

书目信息

  • 表格格式
  • 工作单格式
  • 卡片格式
题名:
神奇利剑-特种兵器
    
 
作者: 李庆山 主编
分册:  
出版信息: 北京   中共党史出版社  2006.09
页数: 178页
开本: 19cm
丛书名:
单 册:
中图分类: E922.17
科图分类:
主题词: 武器--军事技术 , 军用器材--军事技术
电子资源:
ISBN: 7-80199-304-7
000 00746nam0 2200229 450
001 0851421958
005 20080103144506.86
010    @a7-80199-304-7@dCNY23.50
100    @a20080103d2006 km y0chiy0120 ea
101 0  @achi
200 1  @a神奇利剑-特种兵器@Ashen qi li jian-te zhong bing qi@f李庆山主编@Fli qing shan zhu bian
210    @a北京@c中共党史出版社@d2006.09
215    @a178页@d19cm
300    @a中国军事博览兵器卷之十
517 1  @a@A@a外国古代、近代战争卷@Awai guo gu dai、jin dai zhan zheng juan
606 0  @a武器@x军事技术
606 0  @a军用器材@x军事技术
690    @aE922.17@v4
701  0 @a李庆山@Ali qing shan@4主编
801  0 @aCN@b大连网信软件有限公司图书馆@c20080103
905    @aBZT@dE922.17@e1
906    @dCNY23.50@n0@r1
    
    神奇利剑-特种兵器/李庆山主编.-北京:中共党史出版社,2006.09
    178页;19cm
    中国军事博览兵器卷之十
    
    ISBN 7-80199-304-7:CNY23.50
    
●
相关链接 在五车中查询图书 在当当中查询图书 在豆瓣中查询图书


正题名:神奇利剑-特种兵器     索取号:E922.17/1         预约/预借

序号 登录号 条形码 馆藏地/架位号 状态 备注
1 625105   2000625105   中心书库北库/ 北库004架B面1列3层6/ [索取号:E922.17/1] 在馆    
2 625106   2000625106   中心书库北库/ 北库004架B面1列3层59/ [索取号:E922.17/1] 在馆    
3 625107   2000625107   中心书库北库/ 北库004架B面1列3层57/ [索取号:E922.17/1] 在馆    
4 625108   2000625108   中心书库北库/ 北库004架B面1列3层5/ [索取号:E922.17/1] 在馆    
5 625110   2000625110   中心书库北库/ 北库004架B面1列3层47/ [索取号:E922.17/1] 在馆    
6 625111   2000625111   中心书库北库/ 北库004架B面1列3层66/ [索取号:E922.17/1] 在馆    
7 625112   2000625112   中心书库中库/打包BH0650/ [索取号:E922.17/1] 在馆    
8 625113   2000625113   中心书库北库/ 北库004架B面1列3层42/ [索取号:E922.17/1] 在馆    
9 625114   2000625114   中心书库北库/ 北库004架B面1列3层60/ [索取号:E922.17/1] 在馆    
山东省滨州职业学院图书馆 欢迎您!
大连网信软件有限公司© 版权所有